000 00789nam a2200241 a 4500
001 8052
003 BD-RjUL
005 20211208234521.0
008 140116s1964 cau b 001 0 eng
035 _a64-21999
_a(BD-RjUL)8097
040 _aDLC
_cWSU
_dSER
_dm.c
_dSLU
_dEQO
_dBD-RjUL
_beng
041 _aeng
082 _a341.11
_bHAB 1964
100 1 _aHaas, Ernst B.
_97535
245 1 0 _aBeyond the nation-state :
_bfunctionalism and international organization /
_c[by] Ernst B. Haas
260 _aStanford, Calif :
_bStanford University Press,
_cc1964 [Reprint 1968]
300 _ax, 595 p. ;
_c24 cm.
504 _aIncludes bibliographical references and index
610 2 0 _aInternational Labour Organisation.
_926050
942 _2ddc
_cBK
999 _c8052
_d8052